000 00279nam a2200097Ia 4500
001 1141096
005 20250827010113.0
008 250824s9999 xx 000 0 und d
245 0 _aKARABÖCÜ 2 PARTİNİN GÖZBEBEĞİ
_cNİRAN ELÇİ
260 _bGÜNIŞIĞI KİTAPLIĞI YAYINLARI
999 _c1141096
_d1141096